Normal view
MARC view
- تحكيم الكتروني -- تجارة الكترونية
Entry Topical Term
001 - CONTROL NUMBER
- control field: 43934
003 - CONTROL NUMBER IDENTIFIER
- control field: JO-AjAnu
005 - DATE AND TIME OF LATEST TRANSACTION
- control field: 20230606081258.0
008 - FIXED-LENGTH DATA ELEMENTS
- fixed length control field: 230606|| aca||aabn | a|a d
040 ## - CATALOGING SOURCE
- Original cataloging agency: JO-AjAnu
- Transcribing agency: JO-AjAnu
150 ## - HEADING--TOPICAL TERM
- Topical term or geographic name entry element: تحكيم الكتروني -- تجارة الكترونية
670 ## - SOURCE DATA FOUND
- Source citation: Work cat.: (JO-AjAnu)22495: خبابة، أمينة , author 43933, التحكيم الإلكترونى في التجارة الإلكترونية " دراسة مقارنة "